[Event "chess.com SpeedChess Q2Sw"]
[Site "chess.com INT"]
[Date "2022.11.12"]
[Round "9"]
[White "Rohith, Krishna S"]
[Black "Czerw, Dawid"]
[Result "1-0"]
[WhiteTitle "FM"]
[BlackTitle "FM"]
[WhiteElo "2380"]
[BlackElo "2373"]
[WhiteFideId "46617051"]
[BlackFideId "1145746"]
[EventDate "2022.11.12"]

1. Nf3 c5 2. g3 Nf6 3. Bg2 e6 4. O-O Nc6 5. d3 Be7 6. e4 d5 7. e5 Nd7 8. Re1 Qc7
9. Bf4 h6 10. h4 g5 11. hxg5 hxg5 12. Nxg5 Ndxe5 13. Nd2 Bd7 14. c4 f6 15. cxd5
exd5 16. Ngf3 O-O-O 17. d4 cxd4 18. Rc1 Bd6 19. Nxd4 a6 20. N2b3 Kb8 21. Nc5 Bg4
22. Nxa6+ bxa6 23. Nxc6+ Qxc6 24. Rxc6 Bxd1 25. Bxe5 Bxe5 26. Rxd1 Kb7 27. Rc2
Rd7 28. Bxd5+ Ka7 29. Rcd2 Rhd8 30. b3 f5 31. Rd3 f4 32. g4 f3 33. Be4 Rxd3 34.
Rxd3 Rc8 35. Bxf3 Rc1+ 36. Kg2 Rc2 37. a4 Bc7 38. Bd5 Bb6 39. Rf3 Rd2 40. Rf7+
Kb8 41. Rb7+ Kc8 42. Rxb6 Rxd5 43. Rxa6 1-0

[Event "chess.com SpeedChess Q2Sw"]
[Site "chess.com INT"]
[Date "2022.11.12"]
[Round "9"]
[White "Zemlyanskii, Ivan"]
[Black "Peyrer, Konstantin"]
[Result "1-0"]
[WhiteTitle "FM"]
[BlackTitle "FM"]
[WhiteElo "2237"]
[BlackElo "2393"]
[WhiteFideId "24249971"]
[BlackFideId "1640879"]
[EventDate "2022.11.12"]

1. d4 f5 2. Qd3 d6 3. g4 e5 4. gxf5 Nc6 5. d5 Nb4 6. Qb5+ c6 7. Qxb4 cxd5 8.
Qb5+ Bd7 9. Qxd5 Nf6 10. Qd3 Qc8 11. Bg2 Bc6 12. e4 Be7 13. Nc3 b5 14. Nxb5 Qb7
15. Nc3 O-O-O 16. Nd5 Kb8 17. Ne2 Rc8 18. Nec3 Nxd5 19. Nxd5 Bd8 20. O-O Bb5 21.
Qb3 Bxf1 22. Qxb7+ Kxb7 23. Bxf1 Rxc2 24. Bd3 Rc8 25. Be3 Bb6 26. Nxb6 axb6 27.
Rd1 Rhd8 28. Rd2 g6 29. fxg6 Rg8 30. Bb5 Rxg6+ 31. Kf1 Rc1+ 32. Ke2 Rh1 33. Rc2
Rxh2 34. Bc6+ Kb8 35. Bxb6 h5 36. Bc7+ Kc8 37. Be8 Rg4 38. Bxd6+ Kd8 39. Bc6
Rgg2 40. Bc5 h4 41. Rd2+ Kc7 42. Bb5 h3 43. Rd7+ Kc8 44. Rh7 Rh1 45. Bb6 Rb1 46.
Ba6+ Kb8 47. Rh8+ Rg8 48. Rxg8# 1-0

[Event "chess.com SpeedChess Q2Sw"]
[Site "chess.com INT"]
[Date "2022.11.12"]
[Round "9"]
[White "Gheorghiu, Calin"]
[Black "Kabanova, Ekaterina"]
[Result "0-1"]
[WhiteTitle "FM"]
[BlackTitle "WFM"]
[WhiteElo "2300"]
[BlackElo "2088"]
[WhiteFideId "1200305"]
[BlackFideId "24112917"]
[EventDate "2022.11.12"]

1. d4 c5 2. d5 e5 3. c4 a6 4. Nc3 d6 5. e4 Ne7 6. Nf3 Bg4 7. h3 Bxf3 8. Qxf3 Ng6
9. g3 Be7 10. h4 h6 11. Bh3 O-O 12. O-O Re8 13. a4 b6 14. Ra3 Nd7 15. Rb3 Rb8
16. Bf5 Ngf8 17. Bxh6 gxh6 18. Qg4+ Kh8 19. f4 Nf6 20. Qh3 exf4 21. gxf4 N8d7
22. Kh1 Rg8 23. Ne2 Nf8 24. e5 N6h7 25. Rg3 Rxg3 26. Nxg3 b5 27. axb5 axb5 28.
Nh5 bxc4 29. Rg1 Rxb2 30. e6 Bxh4 31. Bxh7 Kxh7 32. Qf5+ Kh8 33. Qxf7 Nxe6 34.
Qxe6 Bg3 35. Rxg3 Qh4+ 36. Qh3 Qxh3+ 37. Rxh3 Rb3 38. Rh2 c3 39. Rc2 Rb1+ 40.
Kg2 Rb2 0-1

[Event "chess.com SpeedChess Q2Sw"]
[Site "chess.com INT"]
[Date "2022.11.12"]
[Round "9"]
[White "Mika, Tomasz"]
[Black "Manukyan, Sargis A."]
[Result "0-1"]
[WhiteTitle "CM"]
[BlackTitle "FM"]
[WhiteElo "2185"]
[BlackElo "2163"]
[WhiteFideId "1132970"]
[BlackFideId "13303970"]
[EventDate "2022.11.12"]

1. Nf3 d5 2. c4 e6 3. b3 Nf6 4. Bb2 Be7 5. g3 O-O 6. Bg2 c5 7. cxd5 Nxd5 8. d4
Nc6 9. O-O Bf6 10. e4 Ndb4 11. e5 Be7 12. a3 Nd5 13. dxc5 Bxc5 14. Nbd2 b5 15.
Ne4 Be7 16. h4 a5 17. Qc2 Bb7 18. Nfg5 g6 19. Rfd1 Rc8 20. Qe2 Qb6 21. Nf6+ Nxf6
22. exf6 Bc5 23. Rd7 Nd4 24. Bxd4 Bxg2 25. Bxc5 Rxc5 26. Rxf7 Rxf7 27. Nxf7 Kxf7
28. Kxg2 Qc6+ 29. Kg1 Kxf6 30. Re1 e5 31. Qe3 Kg7 32. Qg5 Qf6 33. Qe3 Qd6 34. b4
axb4 35. axb4 Rd5 36. Qa7+ Kh6 37. Qe3+ Kg7 38. h5 Qf6 39. hxg6 hxg6 40. Kg2 g5
41. Rh1 Rd4 42. Qe2 Qc6+ 43. Kg1 Qd5 44. Kh2 Rd2 45. Qe3 Kg6 46. Re1 Kf6 47. g4
e4 48. Qb6+ Ke5 49. Qb8+ Kd4 50. Qh8+ Qe5+ 51. Qxe5+ Kxe5 52. Kg3 Rd3+ 53. Kg2
Rb3 54. Rc1 Kf4 55. Rc5 Rxb4 56. Re5 Kxe5 0-1

[Event "chess.com SpeedChess Q2Sw"]
[Site "chess.com INT"]
[Date "2022.11.12"]
[Round "9"]
[White "Jobava, Baadur"]
[Black "Gubajdullin, Alexei"]
[Result "1-0"]
[WhiteTitle "GM"]
[BlackTitle "FM"]
[WhiteElo "2578"]
[BlackElo "2300"]
[WhiteFideId "13601520"]
[BlackFideId "4141202"]
[EventDate "2022.11.12"]

1. e4 c6 2. c4 e5 3. Nc3 Qa5 4. g3 Nf6 5. Bg2 d6 6. Nge2 h5 7. O-O h4 8. d3 hxg3
9. hxg3 Ng4 10. f3 Qb6+ 11. d4 exd4 12. Qxd4 Ne5 13. b3 g6 14. Be3 Qxd4 15. Bxd4
Rh5 16. Rad1 Na6 17. f4 Ng4 18. Bf3 Rh7 19. Kg2 Nb4 20. Rh1 Rxh1 21. Kxh1 Nc2
22. Bg1 Bg7 23. Rc1 Nce3 24. Nd1 Nxd1 25. Rxd1 Ke7 26. Kg2 Bd7 27. c5 d5 28.
exd5 cxd5 29. Bxd5 Rb8 30. b4 Bb5 31. Nd4 Ba4 32. Re1+ Kf8 33. Bf3 Nf6 34. a3
Nd7 35. c6 bxc6 36. Bxc6 Bxc6+ 37. Nxc6 Rc8 38. b5 a6 39. a4 axb5 40. axb5 Ra8
41. Rd1 Ra2+ 42. Kf1 Ke8 43. Bd4 Bxd4 44. Rxd4 Rb2 45. Rd5 Nf6 46. Rd8# 1-0

[Event "chess.com SpeedChess Q2Sw"]
[Site "chess.com INT"]
[Date "2022.11.12"]
[Round "9"]
[White "Danielyan, Vahe"]
[Black "Gorodetzky, David"]
[Result "1-0"]
[WhiteTitle "IM"]
[BlackTitle "IM"]
[WhiteElo "2307"]
[BlackElo "2495"]
[WhiteFideId "13304828"]
[BlackFideId "2813416"]
[EventDate "2022.11.12"]

1. e4 e6 2. d4 d5 3. Nc3 dxe4 4. Nxe4 Nd7 5. Nf3 Ngf6 6. Bg5 Be7 7. Nxf6+ Bxf6
8. Bxf6 Nxf6 9. Bd3 O-O 10. c3 b6 11. Qc2 Bb7 12. O-O-O Qe7 13. Kb1 c5 14. dxc5
bxc5 15. Ng5 h6 16. h4 Rfd8 17. Nf3 Rab8 18. Ka1 Bd5 19. Ne5 Qc7 20. Qe2 Rd6 21.
c4 Rdb6 22. cxd5 Rxb2 23. Qe1 exd5 24. Rb1 Rxb1+ 25. Bxb1 c4 26. Qc3 Qc5 27. f4
Qf2 28. g4 d4 29. Qc2 Qxf4 30. Nxc4 Qxg4 31. Qf2 d3 32. Bxd3 Rd8 33. Ne5 Qb4 34.
Rg1 Qc3+ 35. Qb2 Qc5 36. Rc1 Qe3 37. Bc4 Kh7 38. Bxf7 h5 39. Qb1+ Ne4 40. Bg6+
Kh6 41. Bxe4 Rd2 42. Nf7# 1-0

[Event "chess.com SpeedChess Q2Sw"]
[Site "chess.com INT"]
[Date "2022.11.12"]
[Round "9"]
[White "Dudzinski, Pawel"]
[Black "Odegov, Artem"]
[Result "0-1"]
[WhiteTitle "FM"]
[BlackTitle "FM"]
[WhiteElo "2186"]
[BlackElo "2286"]
[WhiteFideId "1117890"]
[BlackFideId "34183644"]
[EventDate "2022.11.12"]

1. e4 e6 2. d4 d5 3. Nd2 Nf6 4. Bd3 c5 5. exd5 Nxd5 6. dxc5 Bxc5 7. Ngf3 Nc6 8.
O-O O-O 9. Nb3 Be7 10. c3 e5 11. h3 Be6 12. Re1 Qc7 13. Ng5 Bxg5 14. Bxg5 f6 15.
Bd2 Rad8 16. Qe2 b6 17. Rad1 Nce7 18. Bc1 Ng6 19. Qh5 Ndf4 20. Bxf4 Rxd3 21. Be3
Rfd8 22. Qe2 Qc4 23. Rxd3 Rxd3 24. Rd1 Rxc3 25. Qd2 Rc2 26. Qd8+ Kf7 27. Nd2 Qc7
28. Qd3 f5 29. Nf3 h6 30. Qa3 Rc4 31. Bd2 a5 32. Re1 e4 33. Nh2 Qc5 34. Qxc5
Rxc5 35. Be3 Rb5 36. b3 Ne7 37. Rc1 Nd5 38. Bd4 a4 39. bxa4 Rb4 40. a5 Rxd4 41.
Rc2 bxa5 42. Rc6 Nf4 43. Nf1 Bc4 44. g3 Nxh3+ 45. Kh2 Bxf1 46. Rc7+ Kf6 47. g4
fxg4 48. Rd7 Rxd7 0-1

[Event "chess.com SpeedChess Q2Sw"]
[Site "chess.com INT"]
[Date "2022.11.12"]
[Round "9"]
[White "Pakleza, Zbigniew"]
[Black "Aradhya, Garg"]
[Result "1/2-1/2"]
[WhiteTitle "GM"]
[BlackTitle "FM"]
[WhiteElo "2496"]
[BlackElo "2289"]
[WhiteFideId "1119290"]
[BlackFideId "25006746"]
[EventDate "2022.11.12"]

1. d4 d5 2. Bf4 c5 3. c3 Nc6 4. e3 Bf5 5. Nd2 e6 6. Ngf3 Nf6 7. Ne5 Nd7 8. Nxc6
bxc6 9. Qa4 Qb6 10. b3 Be7 11. Be2 Bd8 12. Bd6 Bc7 13. Bxc7 Qxc7 14. dxc5 O-O
15. Qa3 a5 16. O-O Qa7 17. Nf3 Qxc5 18. Qxc5 Nxc5 19. Nd4 Rfc8 20. Nxf5 exf5 21.
c4 Ne6 22. Rfd1 dxc4 23. Bxc4 Kf8 24. Kf1 Ke7 25. f4 Rcb8 26. Rac1 a4 27. Bxe6
fxe6 28. Rxc6 axb3 29. axb3 Rxb3 30. Rc7+ Kf6 31. Rdd7 Rg8 32. Kf2 Rbb8 33. Rf7+
Kg6 34. h3 Rbf8 35. Rfe7 Re8 36. Rf7 Ref8 37. Rfe7 Re8 38. g4 Rxe7 39. Rxe7 Kf6
40. Rc7 fxg4 41. hxg4 g5 42. Kf3 h6 43. Rc6 gxf4 44. exf4 Ra8 45. f5 Ra3+ 46.
Kg2 Kg5 47. Rxe6 Kxg4 48. Rxh6 Kxf5 49. Rd6 Ra2+ 50. Kf3 Ke5 51. Rd3 Ra4 52.
Re3+ Kf5 53. Kf2 Rf4+ 54. Rf3 Ke4 55. Rxf4+ Kxf4 1/2-1/2

[Event "chess.com SpeedChess Q2Sw"]
[Site "chess.com INT"]
[Date "2022.11.12"]
[Round "9"]
[White "Djordjevic, Vuk"]
[Black "Barria Zuniga, Daniel"]
[Result "1-0"]
[WhiteTitle "IM"]
[BlackTitle "IM"]
[WhiteElo "2394"]
[BlackElo "2341"]
[WhiteFideId "902098"]
[BlackFideId "3400816"]
[EventDate "2022.11.12"]

1. d4 d5 2. Bf4 e6 3. e3 Nf6 4. c4 Be7 5. Nc3 O-O 6. Nf3 dxc4 7. Bxc4 a6 8. a4
c5 9. O-O Nc6 10. Rc1 cxd4 11. exd4 Qa5 12. Qe2 Nb4 13. Bd2 Qh5 14. Rfd1 b6 15.
Ne5 Qxe2 16. Nxe2 Bb7 17. Bxe6 fxe6 18. Rc7 Bxg2 19. Kxg2 Nbd5 20. Rb7 Rfb8 21.
Rxb8+ Rxb8 22. Rc1 Bd6 23. Rc6 Bxe5 24. dxe5 Ne4 25. Be3 Nxe3+ 26. fxe3 Kf7 27.
Rc7+ Kg6 28. Nd4 Rf8 29. Nf3 a5 30. Rc6 Nc5 31. Rxb6 Rd8 32. Nd4 Kh5 33. b3 Rd5
34. Rb5 Kg4 35. h3+ Kh4 36. Kf3 Nd3 37. Rxd5 exd5 38. e6 Ne5+ 39. Kg2 Ng6 40.
Nf5+ Kg5 41. e7 Nxe7 42. Nxe7 Kf6 43. Nxd5+ Ke5 44. Nb6 Ke4 45. Nc4 g5 46. Nxa5
Kxe3 47. Nc4+ Ke2 48. a5 1-0

[Event "chess.com SpeedChess Q2Sw"]
[Site "chess.com INT"]
[Date "2022.11.12"]
[Round "9"]
[White "Boruchovsky, Avital"]
[Black "Sarana, Alexey"]
[Result "0-1"]
[WhiteTitle "GM"]
[BlackTitle "GM"]
[WhiteElo "2552"]
[BlackElo "2668"]
[WhiteFideId "2800055"]
[BlackFideId "24133795"]
[EventDate "2022.11.12"]

1. e4 c5 2. Nf3 d6 3. Bb5+ Bd7 4. Bxd7+ Nxd7 5. c4 Ne5 6. d4 Nxf3+ 7. gxf3 cxd4
8. Qxd4 Nf6 9. Nc3 g6 10. Nd5 Bg7 11. Bg5 O-O 12. Nxf6+ exf6 13. Bf4 f5 14. Qxd6
fxe4 15. fxe4 Re8 16. f3 f5 17. O-O-O Qxd6 18. Bxd6 fxe4 19. fxe4 Rxe4 20. c5
Re2 21. Rhe1 Rae8 22. Rxe2 Rxe2 23. b4 Rxa2 24. Rd3 a6 25. Kd1 Rb2 26. Re3 Rxb4
27. Re8+ Kf7 28. Re7+ Kf6 29. Kc2 Bf8 30. Rxh7 Bxd6 31. cxd6 Rb6 32. d7 Rc6+ 33.
Kb3 Rd6 34. d8=Q+ Rxd8 35. Rxb7 Rh8 36. Rb6+ Kg5 37. Kc4 Rxh2 38. Kd3 Ra2 39.
Ke3 Kh5 40. Kf4 g5+ 41. Kg3 Ra3+ 42. Kf2 Kh4 43. Rb4+ g4 44. Rb8 Ra2+ 45. Kg1 a5
46. Ra8 Kg3 0-1

[Event "chess.com SpeedChess Q2Sw"]
[Site "chess.com INT"]
[Date "2022.11.12"]
[Round "9"]
[White "Aghasiyev, Kamal"]
[Black "Mouhamad, Joachim"]
[Result "1-0"]
[WhiteTitle "IM"]
[BlackTitle "FM"]
[WhiteElo "2441"]
[BlackElo "2266"]
[WhiteFideId "13402854"]
[BlackFideId "656410"]
[EventDate "2022.11.12"]

1. d4 d5 2. c4 e6 3. Nf3 a6 4. g3 dxc4 5. Bg2 Nc6 6. a4 Rb8 7. O-O b5 8. axb5
axb5 9. b3 cxb3 10. Qxb3 Nf6 11. Rd1 Bd7 12. Nc3 b4 13. Na4 Bd6 14. Bb2 O-O 15.
Ne5 Qe8 16. Nc5 Bxc5 17. dxc5 Nxe5 18. Bxe5 Nd5 19. e4 Nc3 20. Bxc3 bxc3 21.
Qxc3 Bc6 22. Qe5 Qe7 23. Ra7 Rb7 24. Ra6 Bb5 25. Ra5 Rd8 26. Rxd8+ Qxd8 27. Qd4
Qe8 28. e5 Rb8 29. h4 h6 30. Kh2 Bc6 31. Bf1 Rd8 32. Qe3 Ba8 33. Bg2 Bxg2 34.
Kxg2 Qc6+ 35. Qf3 Qxf3+ 36. Kxf3 Rd5 37. Ke4 g5 38. f4 gxf4 39. gxf4 Kg7 40. h5
Kf8 41. f5 Ke7 42. f6+ Kd7 43. Ra8 Rxc5 44. Rf8 Rc1 45. Rxf7+ Ke8 46. Re7+ Kf8
47. Rxe6 c5 48. Rc6 Kf7 49. Rc7+ Ke6 50. Re7# 1-0

[Event "chess.com SpeedChess Q2Sw"]
[Site "chess.com INT"]
[Date "2022.11.12"]
[Round "9"]
[White "Kravtsiv, Martyn"]
[Black "Drygalov, Sergey"]
[Result "0-1"]
[WhiteTitle "GM"]
[BlackTitle "GM"]
[WhiteElo "2598"]
[BlackElo "2547"]
[WhiteFideId "14113147"]
[BlackFideId "24171743"]
[EventDate "2022.11.12"]

1. e4 c5 2. Nf3 d6 3. Bb5+ Nd7 4. d4 cxd4 5. Qxd4 a6 6. Bxd7+ Bxd7 7. O-O e5 8.
Qd3 Rc8 9. c4 b5 10. Na3 Qb6 11. cxb5 axb5 12. Bd2 Nf6 13. Bb4 Be7 14. Rac1 Bc6
15. Bxd6 Rd8 16. Nxe5 Rxd6 17. Qb3 Re6 18. Rxc6 Rxc6 19. Qxf7+ Kd8 20. Nxc6+
Qxc6 21. Rd1+ Nd7 22. Qxg7 Rf8 23. Qg4 Bc5 24. Kh1 Bxf2 25. Qg5+ Ke8 26. Nxb5
Bc5 27. a4 Rf6 28. Qh5+ Rf7 29. Qg4 Kf8 30. h3 Ne5 31. Qg5 Qf6 32. Qxf6 Rxf6 33.
Rd5 Be3 34. g4 Rf1+ 35. Kg2 Rf2+ 36. Kg3 Rf3+ 37. Kg2 Rf2+ 38. Kg3 Rf3+ 39. Kg2
Bf4 40. Rxe5 Rg3+ 41. Kf2 Bxe5 42. a5 Rb3 43. a6 Rxb5 44. b4 Rxb4 0-1

[Event "chess.com SpeedChess Q2Sw"]
[Site "chess.com INT"]
[Date "2022.11.12"]
[Round "9"]
[White "Bok, Benjamin"]
[Black "Grischuk, Alexander"]
[Result "1/2-1/2"]
[WhiteTitle "GM"]
[BlackTitle "GM"]
[WhiteElo "2618"]
[BlackElo "2745"]
[WhiteFideId "1017063"]
[BlackFideId "4126025"]
[EventDate "2022.11.12"]

1. c4 e5 2. g3 d6 3. Bg2 f5 4. Nc3 Nf6 5. b4 Be7 6. d3 O-O 7. Nf3 Qe8 8. O-O Bd8
9. a4 h6 10. b5 Be6 11. Nd2 c6 12. Ba3 Be7 13. a5 a6 14. bxc6 bxc6 15. Na4 d5
16. cxd5 cxd5 17. Bxe7 Qxe7 18. Nb6 Ra7 19. Qc2 Rc7 20. Qb2 Nbd7 21. Rfc1 Rxc1+
22. Rxc1 Qd6 23. Nxd7 Bxd7 24. Nf3 e4 25. dxe4 dxe4 26. Nd4 f4 27. Qb6 Qa3 28.
Qc5 Qxc5 29. Rxc5 Rb8 30. h3 Rb4 31. Nc6 Rb1+ 32. Kh2 Rb2 33. gxf4 Rxe2 34. Ne5
Rxf2 35. Kg3 Ra2 36. Nxd7 Nxd7 37. Rc8+ Kf7 38. Bxe4 Rxa5 39. Rc7 Ke6 40. Bf3
Kd6 41. Ra7 g5 42. fxg5 hxg5 43. Be2 Ra3+ 44. Kg4 Ne5+ 45. Kxg5 Rxh3 46. Rxa6+
Nc6 47. Bb5 Rc3 48. Rxc6+ Rxc6 49. Bxc6 1/2-1/2

[Event "chess.com SpeedChess Q2Sw"]
[Site "chess.com INT"]
[Date "2022.11.12"]
[Round "9"]
[White "Molenda, Marcin"]
[Black "Srihari, L R"]
[Result "1-0"]
[WhiteTitle "FM"]
[BlackTitle "IM"]
[WhiteElo "2381"]
[BlackElo "2436"]
[WhiteFideId "1173065"]
[BlackFideId "46617116"]
[EventDate "2022.11.12"]

1. e4 d6 2. d4 Nf6 3. Nc3 e5 4. Nf3 Nbd7 5. Bc4 Be7 6. O-O O-O 7. h3 c6 8. a4
Qc7 9. Ba2 a5 10. Be3 h6 11. Qd2 Kh7 12. Rfe1 Nb6 13. Bb3 Be6 14. Bxe6 fxe6 15.
dxe5 dxe5 16. Nxe5 Qxe5 17. Bxb6 Bd6 18. g3 Bb4 19. Qd3 Kg8 20. Rad1 Rf7 21. f4
Qh5 22. Kg2 Bxc3 23. Qxc3 Nxe4 24. Qf3 Qxf3+ 25. Kxf3 Nf6 26. Rxe6 Nd5 27. Bc5
Rf6 28. Rxf6 Nxf6 29. c4 Kf7 30. g4 Re8 31. Bd6 Rd8 32. Rd3 b6 33. Ke3 Re8+ 34.
Be5 h5 35. g5 Ng8 36. Rd7+ Ne7 37. Ke4 g6 38. Bf6 Ke6 39. Rxe7+ Rxe7 40. Bxe7
Kxe7 41. f5 Kf7 42. fxg6+ Kxg6 43. h4 c5 44. Kd5 1-0

[Event "chess.com SpeedChess Q2Sw"]
[Site "chess.com INT"]
[Date "2022.11.12"]
[Round "9"]
[White "Kosakowski, Jakub"]
[Black "Vokhidov, Shamsiddin"]
[Result "1-0"]
[WhiteTitle "IM"]
[BlackTitle "GM"]
[WhiteElo "2475"]
[BlackElo "2568"]
[WhiteFideId "1185080"]
[BlackFideId "14204223"]
[EventDate "2022.11.12"]

1. e4 c5 2. Nf3 d6 3. d4 cxd4 4. Nxd4 Nf6 5. Nc3 Nc6 6. Bg5 Bd7 7. Bxf6 gxf6 8.
Nf5 Qb6 9. Nd5 Qd8 10. Nc3 Qb6 11. Nd5 Qd8 12. Nde3 Qb8 13. Qd2 e6 14. Nd4 a6
15. O-O-O Qc7 16. f4 Rc8 17. Kb1 Be7 18. g3 Nxd4 19. Qxd4 Qc5 20. Qd2 h5 21. Bh3
h4 22. Bg4 Bc6 23. Nd5 f5 24. b4 Qc4 25. Nxe7 Kxe7 26. Qxd6+ Ke8 27. Rd4 Qc3 28.
Rhd1 fxg4 29. Qe5 Ke7 30. Qg5+ Kf8 31. Qf6 Rh7 32. Rd8+ Be8 33. Rxe8+ Kxe8 34.
Rd8+ Rxd8 35. Qxc3 hxg3 36. hxg3 Rh2 37. Kb2 Re2 38. Qc4 Re3 39. f5 exf5 40.
exf5 Rxg3 41. f6 Rd6 42. Qc8+ Rd8 43. Qc5 Rd7 44. Qe5+ Kd8 45. Qb8# 1-0

[Event "chess.com SpeedChess Q2Sw"]
[Site "chess.com INT"]
[Date "2022.11.12"]
[Round "9"]
[White "Yuan, Qingyu"]
[Black "Sadovsky, Artem"]
[Result "1-0"]
[BlackTitle "IM"]
[WhiteElo "2373"]
[BlackElo "2276"]
[WhiteFideId "8609772"]
[BlackFideId "4155840"]
[EventDate "2022.11.12"]

1. e4 g6 2. d4 Bg7 3. Nf3 c6 4. h3 d5 5. e5 h5 6. Bd3 Nh6 7. c3 Bf5 8. O-O e6 9.
Na3 Bxd3 10. Qxd3 Nf5 11. Bg5 Qc7 12. c4 dxc4 13. Nxc4 b5 14. Ncd2 Na6 15. Rac1
Qd7 16. Ne4 Nb4 17. Qa3 Nd5 18. Qc5 Rc8 19. Rfd1 Bf8 20. Qc2 Be7 21. Bxe7 Qxe7
22. Qd2 h4 23. a3 Kf8 24. Rc2 Kg7 25. Rdc1 Qd7 26. Qg5 Rh5 27. Qd2 Rhh8 28. Rc5
Nb6 29. b3 Nd5 30. Qg5 Rh5 31. Qd2 Rhh8 32. Kh1 Rc7 33. Kh2 Rh5 34. Kg1 Nfe7 35.
R1c2 Nb6 36. Nd6 Nf5 37. Nxf5+ exf5 38. Qf4 Nd5 39. Qd2 Qe6 40. Qc1 Ne7 41. Ng5
Qd7 42. Nf3 Qe6 43. a4 Qxb3 44. axb5 Qd3 45. bxc6 1-0

[Event "chess.com SpeedChess Q2Sw"]
[Site "chess.com INT"]
[Date "2022.11.12"]
[Round "9"]
[White "Koc, Przemyslaw"]
[Black "Shimanov, Aleksandr"]
[Result "0-1"]
[BlackTitle "GM"]
[WhiteElo "2346"]
[BlackElo "2581"]
[WhiteFideId "1109081"]
[BlackFideId "4198603"]
[EventDate "2022.11.12"]

1. d4 Nf6 2. Nf3 g6 3. Bg5 Bg7 4. Nbd2 d5 5. e3 O-O 6. Bd3 Nbd7 7. O-O Re8 8. c4
c6 9. cxd5 Nxd5 10. a3 Qc7 11. Bh4 N7b6 12. Bg3 Qd8 13. Rc1 Bg4 14. h3 Bxf3 15.
Nxf3 e6 16. b4 a6 17. Ne5 Ne7 18. Qe2 Nf5 19. Bh2 Qe7 20. Rfd1 Red8 21. Nc4 Nxc4
22. Bxc4 e5 23. d5 Rac8 24. dxc6 Rxd1+ 25. Rxd1 Rxc6 26. Bd5 Rc7 27. Kh1 Bf6 28.
g4 Nd6 29. e4 Nb5 30. Rd3 Kg7 31. Kg2 Bg5 32. a4 Nd6 33. Qb2 f6 34. f3 Nc4 35.
Qb3 Ne3+ 36. Rxe3 Bxe3 37. Qxe3 Rc2+ 38. Kg3 Qxb4 39. g5 fxg5 40. Bg1 h5 41. h4
g4 42. Bf2 Rc3 43. Qg5 Rxf3+ 44. Kg2 Qd6 45. Bg3 Rf4 46. Bxf4 exf4 47. e5 Qxd5+
48. Kh2 g3+ 49. Kh3 Qh1# 0-1

[Event "chess.com SpeedChess Q2Sw"]
[Site "chess.com INT"]
[Date "2022.11.12"]
[Round "9"]
[White "Yoo, Christopher Woojin"]
[Black "Indjic, Aleksandar"]
[Result "0-1"]
[WhiteTitle "GM"]
[BlackTitle "GM"]
[WhiteElo "2573"]
[BlackElo "2631"]
[WhiteFideId "30909694"]
[BlackFideId "911925"]
[EventDate "2022.11.12"]

1. d4 Nf6 2. c4 e6 3. Nc3 c5 4. d5 exd5 5. cxd5 d6 6. e4 g6 7. f4 Bg7 8. Bb5+
Nfd7 9. a4 O-O 10. Nf3 Na6 11. O-O Nb4 12. Re1 a6 13. Bf1 Re8 14. Nd2 Bd4+ 15.
Kh1 Nf6 16. Be2 h5 17. Ra3 Ng4 18. Bxg4 Nd3 19. Rf1 Bxg4 20. Ne2 Nxc1 21. Qxc1
Bxe2 22. Re1 Bg4 23. h3 Bd7 24. Nf3 b5 25. e5 b4 26. Ra1 dxe5 27. fxe5 Bf5 28.
d6 a5 29. Qh6 f6 30. Nh4 Qd7 31. e6 Rxe6 32. Nxf5 Rxe1+ 33. Rxe1 Qxf5 34. d7
Qxd7 35. Qxg6+ Kf8 36. Qxh5 Qg7 37. Qd5 Qa7 38. Qd6+ Kf7 39. Qe6+ Kg7 40. Qg4+
Kf8 41. Qh5 f5 42. Qxf5+ Qf7 43. Qd3 Kg7 44. Rf1 Qg6 45. Qf3 Re8 46. Qb7+ Kg8
47. Qd5+ Kh8 48. g4 Qe4+ 49. Qxe4 Rxe4 50. Kg2 Re2+ 51. Kf3 Rxb2 52. Ke4 Rc2 53.
Rf7 b3 54. Rb7 b2 55. Kf5 Rf2+ 56. Kg6 Rf6+ 57. Kh5 c4 58. g5 Rb6 0-1

[Event "chess.com SpeedChess Q2Sw"]
[Site "chess.com INT"]
[Date "2022.11.12"]
[Round "9"]
[White "Harsha, Bharathakoti"]
[Black "Shuvalova, Polina"]
[Result "1-0"]
[WhiteTitle "GM"]
[BlackTitle "IM"]
[WhiteElo "2582"]
[BlackElo "2492"]
[WhiteFideId "5078776"]
[BlackFideId "24171760"]
[EventDate "2022.11.12"]

1. e4 c5 2. Nf3 Nc6 3. Bb5 e6 4. O-O Nge7 5. Re1 a6 6. Bf1 d5 7. exd5 Nxd5 8. d4
Be7 9. dxc5 Bxc5 10. c4 Nf6 11. Qxd8+ Kxd8 12. Nc3 Ke7 13. a3 Nd4 14. Nxd4 Bxd4
15. Bf4 Bxc3 16. bxc3 Bd7 17. c5 Rhc8 18. Bd6+ Kd8 19. Rad1 Ne8 20. Bf8 Kc7 21.
Re3 Bb5 22. c4 Ba4 23. Rde1 Rd8 24. Rg3 g6 25. Rf3 Rd7 26. h4 Rad8 27. Rf4 Bc2
28. Kh2 Bd3 29. Bxd3 Rxd3 30. Rxf7+ R8d7 31. Rf4 R3d4 32. Rxd4 Rxd4 33. Rxe6 Kd8
34. g3 Rxc4 35. Re7 Nf6 36. Rxb7 Ne4 37. Rxh7 Nxf2 38. Be7+ Kd7 39. Bd6+ Kc6 40.
Rg7 Rg4 41. Kg2 Ne4 42. Kf3 Nf6 43. Rf7 Ng8 44. Kxg4 Nh6+ 45. Kg5 Nxf7+ 46. Kxg6
Nxd6 47. cxd6 1-0

[Event "chess.com SpeedChess Q2Sw"]
[Site "chess.com INT"]
[Date "2022.11.12"]
[Round "9"]
[White "Kirillov, Dmitry"]
[Black "Lakshmi, C"]
[Result "0-1"]
[WhiteTitle "FM"]
[BlackTitle "WFM"]
[WhiteElo "2195"]
[BlackElo "1956"]
[WhiteFideId "34180572"]
[BlackFideId "25035347"]
[EventDate "2022.11.12"]

1. e4 c5 2. Nc3 Nc6 3. f4 g6 4. Nf3 Bg7 5. Bc4 e6 6. e5 d5 7. exd6 Qxd6 8. Ne4
Qe7 9. O-O Nf6 10. d3 O-O 11. Qe2 b6 12. Be3 Bb7 13. c3 Rfd8 14. Kh1 Na5 15.
Nxf6+ Bxf6 16. Bb5 a6 17. Ba4 b5 18. Bc2 b4 19. Ne5 Nc6 20. Bf2 Rac8 21. Rad1
Qc7 22. Ng4 Bg7 23. Bh4 Ne7 24. Nf6+ Kh8 25. Ne4 Bxe4 26. dxe4 bxc3 27. bxc3
Rxd1 28. Rxd1 Bxc3 29. e5 Ng8 30. Qxa6 Bd4 31. Be4 Rb8 32. Qc4 Rb4 33. Qa6 Rb6
34. Qa8 Rb8 35. Qa6 Rb6 36. Qa5 Qb8 37. Bf3 Rb2 38. Qe1 Qa7 39. Qe4 Qxa2 40. Rf1
Rb4 41. h3 Bf2 0-1

[Event "chess.com SpeedChess Q2Sw"]
[Site "chess.com INT"]
[Date "2022.11.12"]
[Round "9"]
[White "Alahakoon, Isuru"]
[Black "Omariev, Maksim"]
[Result "0-1"]
[WhiteTitle "FM"]
[BlackTitle "FM"]
[WhiteElo "1984"]
[BlackElo "2304"]
[WhiteFideId "9900993"]
[BlackFideId "4193423"]
[EventDate "2022.11.12"]

1. d4 d5 2. Nf3 Nf6 3. e3 e6 4. Bd3 Be7 5. b3 O-O 6. Bb2 c5 7. Nbd2 Nc6 8. O-O
a6 9. a3 b5 10. dxc5 Bxc5 11. e4 dxe4 12. Nxe4 Nxe4 13. Bxe4 Bb7 14. Qe2 Qe7 15.
Ne5 Rac8 16. Rad1 Rc7 17. Bxh7+ Kxh7 18. Qh5+ Kg8 19. Rd3 Nxe5 20. Rh3 f6 21.
Qh7+ Kf7 22. Rg3 Rg8 23. Bxe5 fxe5 24. Qg6+ Kf8 25. Rf3+ Bxf3 26. gxf3 Qf6 27.
Qe4 Bd4 28. c3 Rxc3 29. Kh1 Qxf3+ 30. Qxf3+ Rxf3 31. Kg2 Rf4 32. Rc1 Ke7 33.
Rc7+ Kd6 34. Ra7 Rxf2+ 35. Kg3 Rc8 36. Rxa6+ Kd5 37. Ra5 Rc3+ 38. Kg4 Rxb3 39.
Kh5 Rh3+ 40. Kg6 Rg2+ 41. Kf7 Rgxh2 42. Ke7 Ra2 43. Rxb5+ Kc4 44. Ra5 Rhxa3 45.
Kd7 Rxa5 0-1